| 000 | 00917 a2200217 4500 | ||
|---|---|---|---|
| 003 | BJBSDDR | ||
| 005 | 20260316115845.0 | ||
| 007 | ta | ||
| 008 | 260316b2019 sp ||||| |||| 00| 0 spa d | ||
| 020 | _a9786073911320 | ||
| 040 |
_bspa _cBJBSDDR |
||
| 041 | _aspa | ||
| 050 | _bL864 2019 | ||
| 100 | 1 |
_a Lp̤ez Obrador, Andrš Manuel, _d1953- _912351 |
|
| 245 |
_aConferencia de prensa del presidente Andrš Manuel Lp̤ez Obrador : _b homenaje al exilio republicano espaǫl : 13 de junio de |
||
| 260 |
_aCiudad de Mx̌ico : _b Ateneo Espaǫl de Mx̌ico , _c2019 . |
||
| 300 |
_a554 pages ; _c23 cm. |
||
| 520 | _aAndrš Manuel Lp̤ez Obrador, also known by his initials AMLO, is a Mexican former politician, political scientist, and writer who served as the 65th president of Mexico from 2018 to 2024. He served as Head of Government of Mexico City from 2000 to 2005. | ||
| 942 |
_2lcc _cBK _n0 |
||
| 946 | _isba | ||
| 999 |
_c126585 _d126585 |
||